000 00513nam a2200181Ia 4500
003 OSt
005 20200213125832.0
008 190216s9999||||xx |||||||||||||| ||und||
020 _a9789382934813
040 _coclc
082 _a297
_bKOY/N
100 _a Koya, C H Muhammed
_91956
245 0 _aNabiyum Sahabimarum /
_cC H Muhammed Koya
260 _bOlive Publications,
_c2013.
_aKozhikode:
300 _a90p
650 _aIslamic History
942 _cBK
_2ddc
_h297
_iKOY/N
_k297
_mKOY/N
999 _c23076
_d23076